|
|
|
|
| LEADER |
02030cam a2200505 i 4500 |
| 001 |
nkc20152749493 |
| 003 |
CZ PrNK |
| 005 |
20170217134553.0 |
| 007 |
ta |
| 008 |
151021t20152015xr abc e 000 0 cze d |
| 015 |
|
|
|a cnb002749493
|
| 020 |
|
|
|a 978-80-88104-00-1
|q (vázáno)
|
| 035 |
|
|
|a (OCoLC)939571793
|
| 040 |
|
|
|a CBA001
|b cze
|d ABA001
|e rda
|
| 072 |
|
7 |
|a 91
|x Geografie jako věda. Výzkum. Cestování
|2 Konspekt
|9 7
|
| 080 |
|
|
|a 797.14
|2 MRF
|
| 080 |
|
|
|a 910.4
|2 MRF
|
| 080 |
|
|
|a 910.4(100)
|2 MRF
|
| 080 |
|
|
|a (0:82-992)
|2 MRF
|
| 100 |
1 |
|
|a Honsová, Jana,
|d 1951-
|7 xx0162796
|4 aut
|
| 245 |
1 |
0 |
|a Pod plachtami domů :
|b na plachetnici na cestě kolem světa.
|n Část 3,
|p Fidži, Vanuatu, Nová Kaledonie, Austrálie, Indonésie, Singapur, Malajsie, Thajsko, Rodrigues, Mauricius, Réunion, Jižní Afrika, Svatá Helena, Karibik /
|c Jana a Otakar Honsovi
|
| 246 |
3 |
0 |
|a Na plachetnici na cestě kolem světa
|
| 246 |
3 |
0 |
|a Fidži, Vanuatu, Nová Kaledonie, Austrálie, Indonésie, Singapur, Malajsie, Thajsko, Rodrigues, Mauricius, Réunion, Jižní Afrika, Svatá Helena, Karibik
|
| 250 |
|
|
|a 1. vydání
|
| 264 |
|
1 |
|a Praha :
|b Krigl,
|c [2015]
|
| 264 |
|
4 |
|c ©2015
|
| 300 |
|
|
|a 165 stran :
|b barevné ilustrace, 1 mapa, portréty ;
|c 24 cm
|
| 336 |
|
|
|a text
|b txt
|2 rdacontent
|
| 337 |
|
|
|a bez média
|b n
|2 rdamedia
|
| 338 |
|
|
|a svazek
|b nc
|2 rdacarrier
|
| 500 |
|
|
|a Terminologický slovník
|
| 650 |
0 |
7 |
|a jachting
|7 ph114810
|2 czenas
|
| 650 |
0 |
7 |
|a cesty a pobyt
|7 ph137578
|2 czenas
|
| 650 |
0 |
7 |
|a cesty kolem světa
|7 ph119117
|2 czenas
|
| 650 |
0 |
9 |
|a yachting
|2 eczenas
|
| 650 |
0 |
9 |
|a voyages and travels
|2 eczenas
|
| 650 |
0 |
9 |
|a travels around the world
|2 eczenas
|
| 655 |
|
7 |
|a cestopisy
|7 fd131956
|2 czenas
|
| 655 |
|
9 |
|a books of travels
|2 eczenas
|
| 700 |
1 |
|
|a Hons, Otakar,
|d 1947-
|7 xx0162801
|4 aut
|
| 910 |
2 |
|
|a BOA001
|b 2-1301.351,3
|
| 920 |
|
|
|a 0607157
|z CBA001
|
| 990 |
|
|
|a BK
|
| 995 |
|
|
|a 01
|
| 996 |
6 |
|
|b 2610658313
|c 2-1301.351,3
|l MZK
|r Sklad / do 1 hodiny
|n 0
|p p.v.
|w 001542133
|u 000010
|a 1
|e BOA001
|j MZK50
|s P
|